000 00329nam a2200133Ia 4500
008 150301s2015 xx 000 0 und d
082 _a614.1
_bP15A
100 _aAGARWAL , S.P
245 _aPHARMACEUTICAL JURISPRUDENCE & ETHICS
260 _bBIRLA PUBLISHER
300 _a272
650 _aLEGAL PHARMACY
942 _2ddc
_cBK
_020
999 _c7054
_d7054